000 00338nam a2200145Ia 4500
005 20251222143205.0
008 251222s9999||||xx |||||||||||||| ||spa||
020 _a84-254-0095-3
082 _a435/O8
100 _aOtto, E.
245 0 _aGramática Sucinta de la Lengua Alemana
250 _a36a.ed.
264 _bHerder
942 _cLIB
999 _c13227
_d13227